书目信息 |
| 题名: |
动物的故事
|
|
| 作者: | ;中央电视台CCTV10 , 《走近科学》丛书编委会 编 | |
| 分册: | ||
| 出版信息: | 北京 科学普及出版社 2005 |
|
| 页数: | 158页 | |
| 开本: | 23cm | |
| 丛书名: | 走近科学 | |
| 单 册: | ||
| 中图分类: | Q95-49 | |
| 科图分类: | ||
| 主题词: | 动物--普及读物 | |
| 电子资源: | ||
| ISBN: | 7-110-06142-6 | |
| 000 | 01217nam0 2200337 450 | |
| 000 | 01180nam0 2200325 450 | |
| 000 | 01149nam0 2200325 450 | |
| 000 | 01095nam0 2200301 450 | |
| 000 | 01124nam0 2200289 450 | |
| 000 | 01087nam0 2200277 45 | |
| 001 | TSC-049814 | |
| 005 | 20070102103059.76 | |
| 010 | @a7-110-06142-6@dCNY29.90 | |
| 100 | @a20060829d2005 ekmy0chiy0120 ea | |
| 101 | 1 | @achi |
| 102 | @aCN@b110000 | |
| 105 | @aa z 000yy | |
| 200 | 1 | @a动物的故事@ADong Wu De Gu Shi@f中央电视台CCTV10, 《走近科学》丛书编委会编@FZhong Yang Dian Shi Tai CCTV10, 《 Zou Jin Ke Xue》 Cong Shu Bian Wei Hui Bian |
| 210 | @a北京@c科学普及出版社@d2005 | |
| 215 | @a158页@d23cm | |
| 225 | 2 | @a走近科学 |
| 330 | @a本书记录了生物、生态学研究的成果,介绍了许多动物独特的生存方式。 | |
| 410 | 0 | @12001 @a走近科学 |
| 606 | 0 | @a动物@x普及读物 |
| 690 | @aQ95-49@v4 | |
| 711 | 02 | @a中央电视台CCTV10@AZhong Yang Dian Shi Tai CCTV10@4编 |
| 711 | 02 | @a《走近科学》丛书编委会@A《 Zou Jin Ke Xue》 Cong Shu Bian Wei Hui@4编 |
| 801 | 0 | @aCN@b中图数据@c20070102 |
| 905 | @a10447@dQ95-49@e102 | |
| 动物的故事/中央电视台CCTV10, 《走近科学》丛书编委会编.-北京:科学普及出版社,2005 |
| 158页;23cm.-(走近科学) |
| ISBN 7-110-06142-6:CNY29.90 |
| 本书记录了生物、生态学研究的成果,介绍了许多动物独特的生存方式。 |
| ● |
| 相关链接 |
|
|
|
|
正题名:动物的故事
索取号:Q95-49/102
 
预约/预借
| 序号 | 登录号 | 条形码 | 馆藏地/架位号 | 状态 | 备注 |
| 1 | 0603465 | 206034655 | 第二样本阅览室/ [索取号:Q95-49/102] | 在馆 | |
| 2 | 0603466 | 206034664 | 第三借阅区/ [索取号:Q95-49/102] | 在馆 | |
| 3 | 0603467 | 206034673 | 第三借阅区/ [索取号:Q95-49/102] | 在馆 | |
| 4 | 0603468 | 206034682 | 第三借阅区/ [索取号:Q95-49/102] | 在馆 | |
| 5 | 0603469 | 206034691 | 第三借阅区/ [索取号:Q95-49/102] | 在馆 | |
| 6 | 0603470 | 206034708 | 第三借阅区/ [索取号:Q95-49/102] | 在馆 |